Los armamentos y la política de Estados Unidos: alternativas en la segunda mitad de los '80
Sábháilte in:
| Príomhchruthaitheoir: | |
|---|---|
| Formáid: | Téacs |
| Foilsithe / Cruthaithe: |
Habana:
Movimiento Cubano por la Paz y la Soberanía de los Pueblos
|
| Clibeanna: |
Cuir clib leis
Níl clibeanna ann, Bí ar an gcéad duine le clib a chur leis an taifead seo!
|
MARC
| LEADER | 00000 a a2200000 04500 | ||
|---|---|---|---|
| 001 | 22878 | ||
| 003 | |||
| 040 | |||
| 090 | |a CR-CIDCACS |a 156900 | ||
| 100 | |a Lozano Rodríguez, Roberto | ||
| 245 | |a Los armamentos y la política de Estados Unidos: alternativas en la segunda mitad de los '80 | ||
| 260 | |a Habana: |b Movimiento Cubano por la Paz y la Soberanía de los Pueblos | ||
| 300 | |a 31 p. | ||
| 999 | |c 16101 |d 16101 | ||
